Role of higher civil servants in Pakistan. (Record no. 84259)

MARC details
000 -LEADER
fixed length control field 00821nam a2200265 4500
001 - CONTROL NUMBER
control field sa 68012030
003 - CONTROL NUMBER IDENTIFIER
control field DLC
005 - DATE AND TIME OF LATEST TRANSACTION
control field 20260227112606.0
008 - FIXED-LENGTH DATA ELEMENTS--GENERAL INFORMATION
fixed length control field 691014s1968 pk 00000 eng
010 ## - LIBRARY OF CONGRESS CONTROL NUMBER
LC control number sa 68012030
025 ## - OVERSEAS ACQUISITION NUMBER
Overseas acquisition number PL480:EP-B-518
050 0# - LIBRARY OF CONGRESS CALL NUMBER
Classification number JQ552
Item number .Z1A75
082 ## - DEWEY DECIMAL CLASSIFICATION NUMBER
Classification number 354.549/006
100 00 - MAIN ENTRY--PERSONAL NAME
Personal name Ali Ahmed.
245 1# - TITLE STATEMENT
Title Role of higher civil servants in Pakistan.
250 ## - EDITION STATEMENT
Edition statement [1st ed.]
260 0# - PUBLICATION, DISTRIBUTION, ETC.
Place of publication, distribution, etc. Dacca,
Name of publisher, distributor, etc. National Institute of Public Administration
Date of publication, distribution, etc. [1968]
300 ## - PHYSICAL DESCRIPTION
Extent xvi, 502, [3] p.
Dimensions 25 cm.
350 ## - PRICE (NR) (BK AM CF MU VM SE) [OBSOLETE]
Price 15.00
500 ## - GENERAL NOTE
General note "Thesis approved for the degree of Doctor of Philosophy at the University of Bristol."
504 ## - BIBLIOGRAPHY, ETC. NOTE
Bibliography, etc. note Bibliography: p. [487]-[504]
650 #0 - SUBJECT ADDED ENTRY--TOPICAL TERM
Topical term or geographic name entry element Civil service
Geographic subdivision Pakistan.
650 #0 - SUBJECT ADDED ENTRY--TOPICAL TERM
Topical term or geographic name entry element Executives
Geographic subdivision Pakistan.
650 #0 - SUBJECT ADDED ENTRY--TOPICAL TERM
Topical term or geographic name entry element Civil service
Geographic subdivision India
General subdivision History.

No items available.

Powered by Koha